00726 2200205 4500001002100000005001700021008004100038035002400079040001200103082000800115090001700123100001800140245015700158260007400315300003900389500002500428504002700453650002200480990001800502YOGYA-0113000000144020130123091136.0 ind  0010-011300000001440 aYOPDYOG a354 aSK 354 Fik D aFIKA MAHARANI adinamika hubungan badan perwakilan desa dengan pemerintah desa dalam penyusunan peraturan desa dan fungsi pengawasan (studi kasus di desa Purwobinangun) aYogyakarta :bseolah tinggi pembangunan masyarakat desa "APMD",c2004 aix, 76(7)lbr.:bilus,lamp.;c29 cm askripsi STPMD "APMD" aBibliografi : (lbr.77) apemerintahan desa a43243-PD/A-12